Grafología superior (Registro nro. 9295)

Detalles MARC
000 -Cabecera
Campo de control de longitud fija 00678nam a22003017a 4500
005 - Fecha y hora de la última transacción
Campo de control 20251203115411.0
008 - Elementos de longitud fija--Información general
Campo de control de longitud fija 161003b2007 xxu||||| |||| 00| 0 spa d
020 ## - International Standard Book Number
Número Internacional Estándar del Libro (ISBN) 9788425410819
041 ## - Idioma
Código de idioma Español
082 ## - Clasificación Decimal Dewey
Número de clasificación 363.256.5 X2g4
100 ## - Entrada principal--Autor personal
Nombre personal Xandró, Mauricio
245 ## - Título propiamente dicho
Título Grafología superior
250 ## - Edición
Mención de edición 4 edición
260 ## - Pie de imprenta
Lugar de publicación, distribución, etc. España
260 ## - Pie de imprenta
Nombre del editor, distribuidor, etc. Herder
260 ## - Pie de imprenta
Fecha de publicación, distribución, etc. 2007
300 ## - Descripción física
Extensión 506 páginas
490 ## - Serie
Título de la Serie Investigación Criminal
650 ## - Materia general
Temática (materia general) GRAFOLOGÍA
650 ## - Materia general
Temática (materia general) ESCRITURA
650 ## - Materia general
Temática (materia general) MORFOLOGÍA
650 ## - Materia general
Temática (materia general) TRAZOS
650 ## - Materia general
Temática (materia general) FIRMA
650 ## - Materia general
Temática (materia general) RÚBRICA
650 ## - Materia general
Temática (materia general) GESTOS
650 ## - Materia general
Temática (materia general) SÍMBOLOS
942 ## - Punto de acceso adicional KOHA
Tipo de ítem KOHA Libro
Fuente del sistema de clasificación o colocación Dewey Decimal Classification
Existencias
Signatura completa Código de barras Programa Académico Tipo de ítem
363.256.5 X2g4 22125 Investigación Criminal Libro